Corpus linguistics at work

Αποθηκεύτηκε σε:
Λεπτομέρειες βιβλιογραφικής εγγραφής
Κύριος συγγραφέας: Tognini-Bonelli, Elena
Μορφή: Βιβλίο
Γλώσσα:English
Δημοσίευση: Amsterdam; Philadelphia : John Benjamins, [2001]
Σειρά:Studies in corpus linguistics ; ; 6
Θέματα:
Ετικέτες: Προσθήκη ετικέτας
Δεν υπάρχουν, Καταχωρήστε ετικέτα πρώτοι!

MARC

LEADER 00000nam a2200000 i 4500
001 1/74674
008 080218s2001 eng d
020 |a 90-272-2276-2 (Eur., hbk.) 
020 |a 1-58811-061-3 (US, hbk.) 
035 |l 10094714 
040 |a GR-MY-UA  |b gre  |e aacr 
041 0 |a eng 
082 0 |a 410.1  |2 (22) 
100 1 |a Tognini-Bonelli, Elena. 
245 1 0 |a Corpus linguistics at work /  |c Elena Tognini-Bonelli 
260 |a Amsterdam; Philadelphia :   |b John Benjamins,   |c [2001] 
300 |a ix, 223 σ.;  |c 22 εκ. 
490 1 |a Studies in corpus linguistics  |v ; 6 
504 |a Βιβλιογραφία: σ. [187]-201. Ευρετήριο 
650 0 0 |a Corpora (Linguistics) 
650 0 0 |a Computational linguistics. 
650 0 0 |a Applied linguistics. 
650 0 0 |a Linguistics  |x Methodology. 
830 0 |a Studies in corpus linguistics ;  |v ; 6 
852 |a INST  |b RHODES  |e 20080218  |h 410.1 TOG  |p 005400029909  |q 005400029909  |t BK  |y 0 
901 |a BIBL4-2008-1 
909 |a Ρ  |b 145566 
922 |a 4ΕΛΗ  |b 200801  |c ΕΠΕΑΕΚ2/ΤΜΣ  |d ΕΛΕΥΘΕΡΟΥΔΑΚΗΣ 
970 |a ΧΑΡΙΟΠΟΛΙΤΟΥ  |b ΚΩΝΣΤΑΝΤΙΝΑ  |z 2008/02/18